| 000 | 01439nam0a2200313 4500 | ||
|---|---|---|---|
| 001 | RU\NLR\bibl\1291619 | ||
| 005 | 20260408192729.0 | ||
| 010 |
_a5-88678-025-4 _95000 |
||
| 035 | _a(NLR Aleph) 001277293 | ||
| 090 |
_a476712 _c476712 |
||
| 100 | _a20081105d1994 |||y0rusy50 ca | ||
| 101 | 0 | _arus | |
| 102 | _aRU | ||
| 105 | _aa ||||||||| | ||
| 200 | 1 |
_aОрден св. Георгия _e[к 225-летию со дня учреждения _fавт. текста: В.М. Никитина] _gГос. ист.-культур. музей-заповедник "Моск. Кремль" |
|
| 210 |
_aМосква _cГосударственный историко-культурный музей-заповедник "Московский Кремль" _d1994 |
||
| 215 |
_a15, [1] с. _cил., цв. ил., портр. _d24 |
||
| 300 | _aАвт. указан в вып. дан. | ||
| 606 |
_aОрден Святого Георгия Победоносца _3RU\NLR\auth\661309736 _92177741 |
||
| 686 | 1 | _aЦ4,8(2)243.71 | |
| 686 | 1 | _aТ226(2)5 | |
| 700 | 1 |
_aНикитина _bВ. М. _4070 |
|
| 712 | 0 | 2 |
_4570 _a"Московский Кремль", государственный историко-культурный музей-заповедник _3RU\NLR\AUTH\8813296 _9299609 |
| 801 | 0 |
_aRU _bNLR _c20081105 _gRCR |
|
| 801 | 1 |
_aRU _bNLR _c20081105 |
|
| 942 | _cBOOK | ||
| 980 | _aNB | ||